Statistics for Biggest Cities in Alabama (Extreme)

Click here to take the quiz!

General Stats

  • This quiz has been taken 16 times
    (7 since last reset)
  • The average score is 66 of 308

Answer Stats

PopulationCity% Correct
212,297Birmingham
100%
190,432Mobile
100%
199,783Montgomery
100%
18,276Selma
100%
99,390Tuscaloosa
100%
85,175Hoover
83%
196,219Huntsville
83%
64,054Auburn
67%
33,176Alabaster
50%
3,098Dadeville
50%
54,478 Decatur
50%
67,894Dothan
50%
27,947 Enterprise
50%
40,309Florence
50%
35,486Gadsden
50%
12,637Irondale
50%
4,781Jackson
50%
13,649Jasper
50%
49,327Madison
50%
21,323Oxford
50%
15,522Talladega
50%
19,112Troy
50%
21,541Albertville
33%
4,068Alexandria
33%
8,772Andalusia
33%
21,688Anniston
33%
1,350Ardmore
33%
2,468Ashford
33%
25,922Athens
33%
9,495Atmore
33%
9,169Bay Minette
33%
1,345Berry
33%
26,680 Bessemer
33%
1,005Brantley
33%
5,240Brewton
33%
2,177Camden
33%
1,055Carrollton
33%
3,525Centre
33%
2,653Centreville
33%
1,195Chatom
33%
5,817Chickasaw
33%
3,893Citronelle
33%
8,700Clanton
33%
1,334Cleveland
33%
1,015Clio
33%
2,006Cordova
33%
2,142Cowarts
33%
1,871Creola
33%
15,729Cullman
33%
25,901Daphne
33%
6,807Demopolis
33%
2,917East Brewton
33%
3,841Elba
33%
1,709Elberta
33%
2,676Eutaw
33%
3,646Evergreen
33%
21,083Fairhope
33%
1,652Flomaton
33%
1,551Florala
33%
18,533Foley
33%
8,924Forestdale
33%
14,115Fort Payne
33%
9,179Fultondale
33%
14,016Gardendale
33%
1,806Georgiana
33%
2,620Good Hope
33%
1,261Goodwater
33%
1,660Gordo
33%
3,897Grand Bay
33%
7,589Greenville
33%
1,839Grove Hill
33%
12,267Gulf Shores
33%
1,307Hackleburg
33%
6,682Hamilton
33%
1,483Harpersville
33%
14,428Hartselle
33%
5,819Harvest
33%
3,901Hazel Green
33%
1,164Hollywood
33%
25,534Homewood
33%
2,630Jemison
33%
2,943La Fayette
33%
3,356Livingston
33%
2,501Loxley
33%
2,770Luverne
33%
3,275Marion
33%
7,087Meridianville
33%
5,085Midfield
33%
3,017Moundville
33%
1,450Mount Vernon
33%
14,103Muscle Shoals
33%
2,854New Hope
33%
1,869Newton
33%
25,874Northport
33%
1,011Notasulga
33%
6,568Oneonta
33%
30,232Opelika
33%
6,019Orange Beach
33%
14,413Ozark
33%
23,428Pelham
33%
13,781Pell City
33%
36,516Phenix City
33%
21,773Prichard
33%
6,473Robertsdale
33%
1,424Rogersville
33%
1,686Samson
33%
14,391Saraland
33%
1,917Sulligent
33%
1,135Summerdale
33%
12,226Sylacauga
33%
6,334Theodore
33%
3,928Thomasville
33%
17,560Tillmans Corner
33%
21,876Trussville
33%
8,486Tuskegee
33%
34,307Vestavia Hills
33%
1,240West Blocton
33%
2,529York
33%
2,573Abbeville
17%
4,340Adamsville
17%
14,508Alexander City
17%
2,362Aliceville
17%
8,293Arab
17%
4,220Argo
17%
1,447Ashland
17%
5,836 Attalla
17%
2,543Bayou La Batre
17%
1,205Bear Creek
17%
2,262Blountsville
17%
9,277Boaz
17%
4,803Brent
17%
2,106Bridgeport
17%
2,810Brighton
17%
2,345Brundidge
17%
2,419Butler
17%
13,856Calera
17%
1,441Carbon Hill
17%
1,999Cedar Bluff
17%
16,353Center Point
17%
13,098Chelsea
17%
9,888Clay
17%
2,884Clayton
17%
1,417Coaling
17%
2,212Collinsville
17%
4,481Columbiana
17%
1,616Concord
17%
3,136Cottondale
17%
1,294Cottonwood
17%
2,011Crossville
17%
5,123Daleville
17%
1,324Dauphin Island
17%
2,209Dora
17%
12,065Eufaula
17%
10,720Fairfield
17%
1,348Falkville
17%
4,364Fayette
17%
1,835Fort Deposit
17%
1,539Frisco City
17%
1,203Fyffe
17%
1,116Geraldine
17%
5,077Glencoe
17%
1,040Grant
17%
1,864Graysville
17%
3,149Greensboro
17%
2,684Guin
17%
4,159Haleyville
17%
3,377Hanceville
17%
4,665Headland
17%
3,437Heflin
17%
18,463Helena
17%
2,184Henagar
17%
1,064Holly Pond
17%
2,583Huguley
17%
2,549Indian Springs Village
17%
12,651Jacksonville
17%
3,391Ladonia
17%
12,600Leeds
17%
6,681Lincoln
17%
1,794Linden
17%
2,332Lineville
17%
1,582Malvern
17%
4,819Margaret
17%
9,468Meadowbrook
17%
5,898Monroeville
17%
6,693Montevallo
17%
12,840Moody
17%
1,841Morris
17%
3,285Moulton
17%
20,436Mountain Brook
17%
4,387Mount Olive
17%
1,146New Brockton
17%
1,122New Market
17%
3,848Odenville
17%
1,410Ohatchee
17%
6,455Opp
17%
4,611Piedmont
17%
7,109Pinson
17%
2,652Point Clear
17%
35,925Prattville
17%
3,475Priceville
17%
1,889Ragland
17%
9,589Rainbow City
17%
5,041Rainsville
17%
3,114Red Bay
17%
1,621Reform
17%
2,059Rehobeth
17%
3,042Riverside
17%
5,926Roanoke
17%
9,781Russellville
17%
1,742Sardis City
17%
6,159Satsuma
17%
14,526Scottsboro
17%
5,284Semmes
17%
8,986Sheffield
17%
1,852Slocomb
17%
8,811Southside
17%
8,601Spanish Fort
17%
4,257Springville
17%
1,705Stevenson
17%
2,472Sumiton
17%
6,174Tarrant
17%
2,286Taylor
17%
1,941Thorsby
17%
8,444Tuscumbia
17%
3,514Union Springs
17%
9,286Valley
17%
1,519Vance
17%
1,961Vernon
17%
1,918Vincent
17%
3,214Warrior
17%
3,077Weaver
17%
8,243Wetumpka
17%
2,268Wilsonville
17%
4,539Winfield
17%
2,380Ashton
0%
1,180Axis
0%
1,605Ballplay
0%
1,490Blue Ridge
0%
1,234Bon Secour
0%
7,147Brook Highland
0%
1,217Brookside
0%
2,139Brookwood
0%
1,196Camp Hill
0%
2,577Carlisle
0%
4,908Childersburg
0%
3,011Choccolocco
0%
1,358Coats Bend
0%
1,112Coosada
0%
1,679Deatsville
0%
1,610Double Springs
0%
1,309Eclectic
0%
1,034Egypt
0%
1,137Elmore
0%
3,472Emerald Mountain
0%
1,006Excel
0%
1,378Fayetteville
0%
5,311Fort Rucker
0%
6,209Grayson Valley
0%
8,468Guntersville
0%
2,586Hartford
0%
1,244Hayden
0%
5,519Highland Lakes
0%
4,286Hokes Bluff
0%
3,952Holt
0%
4,449Holtville
0%
15,540Hueytown
0%
1,263Killen
0%
3,444Kimberly
0%
2,199Kinsey
0%
2,452Lake View
0%
6,271Lanett
0%
2,102Level Plains
0%
1,873Libscomp
0%
1,728Lillian
0%
1,478Locust Fork
0%
1,884Lookout Mountain
0%
1,633Marbury
0%
15,645Millbrook
0%
6,882Moores Mill
0%
2,069Owens Cross Roads
0%
1,087Parrish
0%
1,009Phil Campbell
0%
9,320Pike Road
0%
4,484Pine Level
0%
9,651Pleasant Grove
0%
4,388Redland
0%
1,329Redstone Arsenal
0%
1,508Rock Creek
0%
10,645Saks
0%
1,812Selmont-West Selmont
0%
1,376Shoal Creek
0%
5,364Smiths Station
0%
2,101Smoke Rise
0%
1,421Stapleton
0%
1,634Stewartville
0%
2,546Sylvania
0%
1,890Sylvan Springs
0%
4,743Tallahassee
0%
1,221Tidmore Bend
0%
1,149Town Creek
0%
2,493Trinity
0%
3,170Underwood-Petersville
0%
1,880Uniontown
0%
3,708Valley Grande
0%
1,427Webb
0%
3,274West End-Cobb Town
0%
2,602Whitesboro
0%
1,972Woodstock
0%

Score Distribution

Percentile by Number Answered

Percent of People with Each Score

Your Score History

You have not taken this quiz since the last reset